Thieme Dissector (Record no. 1007)

MARC details
000 -LEADER
Fixed length control field 00607nam a2200217Ia 4500
003 - CONTROL NUMBER IDENTIFIER
Control field IIN
005 - DATE AND TIME OF LATEST TRANSACTION
Control field 20240129150331.0
008 - FIXED-LENGTH DATA ELEMENTS--GENERAL INFORMATION
Fixed length control field 231217s9999 xx 000 0 und d
020 ## - INTERNATIONAL STANDARD BOOK NUMBER / ISBN
Price Rs.600.00
International Standard Book Number 9789382076797
040 ## - CATALOGING SOURCE
Original cataloging agency IIN
Language of cataloging English
082 ## - DEWEY DECIMAL CLASSIFICATION NUMBER
Classification number 611
Book Number SIN
100 1# - MAIN ENTRY--PERSONAL NAME
Personal name Singh, Vishram
245 1# - TITLE STATEMENT
Title Thieme Dissector
Statement of responsibility Vishram Singh, G.P. Pal and S.D. Gangane
260 ## - IMPRINT
Name of publisher Thieme Medical and Scientific
Place of publication Uttar Pradesh
Date of publication 2016
300 ## - PHYSICAL DESCRIPTION
Page / Vol. No xliii, 176 p.
440 ## - SERIES STATEMENT
Series Title Upper Limb and Thorax
Number V.1
650 1# - SUBJECT ADDED ENTRY--TOPICAL TERM
Topical term Anatomy
700 1# - ADDED ENTRY--PERSONAL NAME
Personal name Pal, G.P.
700 1# - ADDED ENTRY--PERSONAL NAME
Personal name Gangane, S.D.
942 ## - ADDED ENTRY ELEMENTS (KOHA)
Koha item type Books
Holdings
Withdrawn status Lost status Damaged status Not for loan Collection code Home library Current library Date acquired Price Total Checkouts Call number Accession number Date last seen Copy number Price effective from Koha item type
          IDEAL INSTITUTE OF NURSING IDEAL INSTITUTE OF NURSING 17/12/2023 600.00   611 SIN 1001 17/12/2023 Vol.1 17/12/2023 Books
© Ideal Institute Of Nursing, All rights reserved.         Powered by Koha